Teoría y problemas de psicología del aprendizaje

Spremljeno u:
Bibliografski detalji
Glavni autor: Wittig, Arno F (Autor)
Format: Knjiga
Jezik:španjolski
Izdano: Bogotá McGraw-Hill 1982
Serija:Serie de compendios Schaum
Teme:
Oznake: Dodaj oznaku
Bez oznaka, Budi prvi tko označuje ovaj zapis!

MARC

LEADER 00000nam a2200000 a 4500
001 UCZ0560
003 CL-VaPUC
008 950728e19820000CK |||||||||||||||||spa|d
082 0 4 |a 370.15  |b WIT  |2 21 
100 0 |a Wittig, Arno F  |e author  |9 343527 
245 1 0 |a Teoría y problemas de psicología del aprendizaje 
300 |a 338 p 
942 |c BK 
945 |d 19950728 00:00:00  |a cmena 
260 |a Bogotá  |b McGraw-Hill  |c 1982 
650 0 |a Psicología educacional   |9 307830 
650 0 |a Procesos de aprendizaje  |9 309161 
650 0 |a Aprendizaje   |9 254827 
650 0 |a Desarrollo individual   |9 307875 
650 7 |a PAPEL DE LA EDUCACION  |2 CL-VaPUC  |9 338800 
650 0 |a Métodos de enseñanza  |9 270413 
583 |a last modification  |c 19950728 00:00:00  |k Rodrigo Vera 
490 0 |a Serie de compendios Schaum 
999 |c 237478  |d 237476 
952 |0 0  |1 0  |4 0  |6 370_150000000000000_WIT_1982  |7 0  |8 A  |9 246638  |a BIBEDU  |b BIBEDU  |d 2019-11-18  |i 1547895  |o 370.15 WIT 1982  |p 1547895  |r 2019-11-18  |w 2019-11-18  |y BK  |k EDU